Láska v éteru : stačí jen sladit frekvence /

Romantický příběh, ve kterém Cassie a Fredy dostanou možná druhou šanci na lásku. Anebo taky ne a celá ta rozhlasová šou je jen jeden velký podvod.

Uloženo v:
Hlavní autor: Reed, Tessa (Autor)
Médium: Kniha
Jazyk:Czech
Vydáno: Praha : Fortuna Libri, 2026
Vydání:První vydání
Témata:
Celkem bylo vypůjčeno:0x
Tagy:
Žádné tagy
LEADER 02071nam a2200409 i 4500
001 106446
003 CZ PrNK
005 20260602140544.0
007 ta
008 260521s2026 xr g 000 f cze
015 |a cnb003759383 
020 |a 9788075467034  |q (brožováno) 
040 |a ABG001  |b cze  |e rda 
072 7 |a 821.162.3-3  |x Česká próza  |2 Konspekt  |9 25 
080 |a 821.162.3-31  |2 MRF 
080 |a (0:82-312.5)  |2 MRF 
080 |a (0:82-31)-055.2  |2 MRF 
100 1 |a Reed, Tessa  |7 mzk20261297006  |4 aut  |9 117403 
245 1 0 |a Láska v éteru :  |b stačí jen sladit frekvence /  |c Tessa Reed 
250 |a První vydání 
264 1 |a Praha :  |b Fortuna Libri,  |c 2026 
300 |a 268 stran ;  |c 20 cm 
336 |a text  |b txt  |2 rdacontent 
337 |a bez média  |b n  |2 rdamedia 
338 |a svazek  |b nc  |2 rdacarrier 
520 2 |a Romantický příběh, ve kterém Cassie a Fredy dostanou možná druhou šanci na lásku. Anebo taky ne a celá ta rozhlasová šou je jen jeden velký podvod.  |b Životem jsem proplouvala nenápadně, hlavně nikoho nenaštvat, nikoho nezklamat. Jenže pak přišel casting na nového parťáka v rádiu. Peklo. A do toho se zjevil Fredy. Ten Fredy, co mě kdysi zazdil. Naše první hádka před mikrofonem? Virál. Ze dne na den se z nás stala nejoblíbenější rozhlasová dvojice. A tak se dohodneme, budeme předstírat, že jsme pár. Funguje to. Umíme řešit cizí problémy. Ale ty vlastní zametáme pod koberec, a to nemůže jít donekonečna. Nakladatelská anotace. 
655 7 |a české romány  |7 fd133974  |2 czenas  |9 54031 
655 7 |a milostné romány  |7 fd132840  |2 czenas  |9 53718 
655 7 |a romány pro ženy  |7 fd187897  |2 czenas  |9 115 
655 9 |a Czech fiction  |2 eczenas 
655 9 |a love novels  |2 eczenas 
655 9 |a women's novels  |2 eczenas 
710 2 |a Fortuna Libri (nakladatelství)  |7 xx0068042  |4 pbl  |9 117311 
910 |a UOG502 
942 |2 ddc  |c KN 
999 |d 106446 
993 |0 0  |1 421180107160  |2 ddc  |4 0  |7 0  |9 99873  |b 0  |c 107160  |d 2026-06-02  |e 0  |f DOSP  |h 399.00  |i Koupě  |l DOSP  |r 2026-06-02  |t 6  |w 2026-06-02  |y KN  |z BELET  |n